|
|
|
|
| LEADER |
03332nam a2200373 a 4500 |
| 001 |
0017499 |
| 003 |
BD-DhAAL |
| 008 |
091111s2008 bg b 000 0 eng d |
| 020 |
|
|
|a 9843216040
|
| 040 |
|
|
|a BD-DhAAL
|c BD-DhAAL
|
| 082 |
0 |
0 |
|a 343.5492052
|2 23
|
| 245 |
1 |
0 |
|a Income tax manual.
|n Part-I :
|b the income tax ordinance,
|f 1984 (xxxvi of 1984)
|p [As amended up to July, 2008] /
|c compiled by Lal Bahadur Adhikary.
|
| 246 |
|
|
|a আয়কর ম্যানুয়াল.
|n প্রথম খণ্ড
|
| 260 |
|
|
|a Dhaka :
|b Supreme Prokashani,
|c 2008.
|
| 300 |
|
|
|a xxiv, 383 pages ;
|c 21 cm
|
| 362 |
|
|
|a Vol. 1
|
| 504 |
|
|
|a Includes bibliographical references.
|
| 526 |
|
|
|x Prof. Mojib Uddin Ahmed
Director, MBA Program
BRAC Business School
Course name and no. N/A ;
|x Monojit Kumar Ojha
Director, Finance
BRAC University
|
| 541 |
1 |
|
|a Paragon Enterprises Ltd., A H Developmet Publishing House
|e 0017499, 0017721
|
| 650 |
|
0 |
|a Income tax
|x Law and legislation
|z Bangladesh.
|9 56591
|
| 650 |
|
0 |
|a Income tax
|z Bangladesh.
|
| 650 |
|
0 |
|a Law.
|
| 700 |
1 |
|
|a Adhikary, Lal Bahadur.
|9 57291
|
| 852 |
4 |
|
|a Ayesha Abed Library
|c General Stacks
|
| 942 |
|
|
|2 ddc
|c BK
|
| 999 |
|
|
|c 5402
|d 5402
|
| 952 |
|
|
|0 0
|1 0
|2 ddc
|4 0
|6 343_549205200000000_INC
|7 0
|9 5260
|a BRACUL
|b BRACUL
|c GEN
|d 2009-11-11
|e Paragon Enterprise Ltd.
|g 780.00
|l 3
|m 18
|o 343.5492052 INC
|p 3010018555
|r 2024-09-30
|s 2024-09-22
|t 3
|w 2009-11-11
|y BK
|x Requisitioned by Prof. Mojib Uddin Ahmed Director, MBA Program Course name and no. N/A
|
| 952 |
|
|
|0 0
|1 0
|2 ddc
|4 0
|6 343_549205200000000_INC
|7 0
|9 5272
|a BRACUL
|b BRACUL
|c GEN
|d 2009-11-11
|e A H Development Publishing House
|g 560.00
|l 0
|o 343.5492052 INC
|p 3010017721
|r 2009-11-11
|t 2
|v 1120.00
|w 2009-11-11
|y BK
|x Requisitioned by Monojit Kumar Ojha (Director, Finance of BRAC University)
|
| 952 |
|
|
|0 0
|1 0
|2 ddc
|4 0
|6 343_549205200000000_INC
|7 0
|9 5273
|a BRACUL
|b BRACUL
|c GEN
|d 2009-11-11
|e Paragon Enterprise Ltd.
|g 780.00
|l 1
|m 4
|o 343.5492052 INC
|p 3010018557
|r 2019-12-21
|s 2019-11-17
|t 5
|v 1120.00
|w 2009-11-11
|y BK
|x Requisitioned by Prof. Mojib Uddin Ahmed Director, MBA Program Course name and no. N/A
|
| 952 |
|
|
|0 0
|1 0
|2 ddc
|4 0
|6 343_549205200000000_INC
|7 0
|9 5274
|a BRACUL
|b BRACUL
|c GEN
|d 2009-11-11
|e Paragon Enterprise Ltd.
|g 780.00
|l 2
|m 10
|o 343.5492052 INC
|p 3010018556
|r 2019-12-24
|s 2019-10-14
|t 4
|v 1120.00
|w 2009-11-11
|y BK
|x Requisitioned by Prof. Mojib Uddin Ahmed Director, MBA Program Course name and no. N/A
|
| 952 |
|
|
|0 0
|1 0
|2 ddc
|4 0
|6 343_549205200000000_INC
|7 0
|9 5275
|a BRACUL
|b BRACUL
|c GEN
|d 2009-11-11
|e Paragon Enterprise Ltd.
|g 780.00
|l 1
|o 343.5492052 INC
|p 3010018559
|r 2016-09-19
|s 2016-08-14
|t 7
|v 1120.00
|w 2009-11-11
|y BK
|x Requisitioned by Prof. Mojib Uddin Ahmed Director, MBA Program Course name and no. N/A
|
| 952 |
|
|
|0 0
|1 0
|2 ddc
|4 0
|6 343_549205200000000_INC
|7 0
|9 5276
|a BRACUL
|b BRACUL
|c GEN
|d 2009-11-11
|e Paragon Enterprise Ltd.
|g 780.00
|l 1
|m 16
|o 343.5492052 INC
|p 3010018558
|r 2023-06-06
|s 2023-02-05
|t 6
|v 1120.00
|w 2009-11-11
|y BK
|x Requisitioned by Prof. Mojib Uddin Ahmed Director, MBA Program Course name and no. N/A
|
| 952 |
|
|
|0 0
|1 0
|2 ddc
|4 0
|6 343_549205200000000_INC
|7 0
|9 8404
|a BRACUL
|b BRACUL
|c GEN
|d 2010-02-28
|g 560.00
|l 0
|o 343.5492052 INC
|p 3010017499
|r 2010-02-28
|t 1
|w 2010-02-28
|y BK
|
| 952 |
|
|
|0 0
|1 0
|2 ddc
|4 0
|6 343_549205200000000_INC
|7 0
|9 8661
|a BRACUL
|b BRACUL
|c GEN
|d 2010-03-18
|g 560.00
|l 2
|m 13
|o 343.5492052 INC
|p 3010019981
|r 2022-12-17
|s 2022-10-03
|t 8
|v 1120.00
|w 2010-03-18
|y BK
|